000
00338pab a2200145 454500
008
180718b2004 xxu||||| |||| 00| 0 eng d
100
_a
Chandra, Lokesh
245
_a
Buddhist values and the human imperative
260
_c
2004
300
_a
p.15-25.
362
_a
Jul-Sep
650
_a
Buddhism
773
_a
Dialogue
909
_a
62885
999
_c
62885
_d
62885